00789nam a2200205 i 4500003000900000005001700009007000300026008004100029040003000070082001700100100003600117245012200153264007900275300002800354336002700382337003300409338002800442500007400470504003900544DO-SdBNP20250305085733.0ta250305b200- dr a|||| |||| 00| 0 spa d aDO-SdBNPbspacBNPHUerda 1axxxbxxx222 aPetrecolla, Diego,eautor4aut.10aEstudio sobre las condiciones de competencia en el mercado de seguros de la República Domincana /cDiego Petrecolla 1aSanto Domingo :bComisión Nacional de Defensa de la Competencia,c200-?. a187 páginas ;c23 cm. atextobtxt2rdacontent asin mediaciónbn2rdamedia avolumenbnc2rdacarrier aIncluiye referencias bibliográficas y notas al pie de las páginas aBibliografía : páginas 183-186